• 首页
  • 本馆介绍
  • 公告通知
  • 最新文献
  • 馆藏检索
  • 电子资源
  • 读者导购
  • 参考咨询
  • 我的图书馆
  • 登录
  • 详细信息显示
  • 放入我的书架
  • 预约/预借图书
  • 作者相关作品
  • 分类相关作品
  • 丛书相关作品
  • 出版社相关作品

书目信息

  • 表格格式
  • 工作单格式
  • 卡片格式
题名:
陆宗达语言学论文集
    
 
作者: 陆宗达 著
分册:  
出版信息: 北京   北京师范大学出版社  1995
页数: 709页
开本: 20cm
丛书名:
单 册:
中图分类: H0-53
科图分类:
主题词: 语言学
电子资源:
ISBN: 7-303-02972-9
000 00549nam0 2200193 45
001 0312151635
005 20031219104123.0
010    @a7-303-02972-9@b精装@dCNY36.00
100    @a20031215d1995 km y0chiy0120 ea
101 0  @achi
105    @a z 000yy
200 1  @a陆宗达语言学论文集@ALu Zong Da Yu Yan Xue Lun Wen Ji@f陆宗达著@FLu Zong Da Zhu
210    @a北京@c北京师范大学出版社@d1995
215    @a709页@d20cm
606 0  @a语言学
690    @aH0-53@v4
701  0 @a陆宗达@4著
801    @aCN@bTSTC@c20031215
905    @b330065-069@dH0-53@e105@f5
    
    陆宗达语言学论文集/陆宗达著.-北京:北京师范大学出版社,1995
    709页;20cm
    
    
    ISBN 7-303-02972-9(精装):CNY36.00
    
●
相关链接 在E读中查询图书 在五车中查询图书 在当当中查询图书 在豆瓣中查询图书


正题名:陆宗达语言学论文集     索取号:H0-53/105         预约/预借

序号 登录号 条形码 馆藏地/架位号 状态 备注
1 0330065   203300659   第四借阅区/ [索取号:H0-53/105] 在馆    
2 0330066   203300668   第四借阅区/ [索取号:H0-53/105] 在馆    
3 0330067   203300677   第四借阅区/ [索取号:H0-53/105] 在馆    
4 0330068   203300686   第四借阅区/ [索取号:H0-53/105] 在馆    
5 0330069   203300695   第二样本阅览室/ [索取号:H0-53/105] 在馆    
唐山师范学院图书馆 欢迎您!
大连网信软件有限公司© 版权所有